01566nam a22003374a 4500001001200000003000800012006001900020007001500039008004100054010001700095020001500112040002100127035002100148050002300169082001600192245022200208246001900430260005400449300002400503500012500527504005100652533015200703650004700855650006200902650004700964655002901011700002101040700002401061710001701085856012601102ebr10068415CaPaEBRm u cr cn|||||||||010430s2001 dcua sb 001 0 eng  z 2001002534 z0309072743 aCaPaEBRcCaPaEBR a(OCoLC)22811067614aHV95b.E958 2001eb04a361.97322100aEvaluating welfare reform in an era of transitionh[electronic resource] /cPanel on Data and Methods for Measuring the Effects of Changes in Social Welfare Programs ; Robert A. Moffitt and Michele Ver Ploeg, editors.30aWelfare reform aWashington, DC :bNational Academy Press,cc2001. axii, 253 p. :bill. a"Committee on National Statistics, Division of Behavioral and Social Sciences and Education, National Research Council." aIncludes bibliographical references and index. aElectronic reproduction.bPalo Alto, Calif. :cebrary,d2013.nAvailable via World Wide Web.nAccess may be limited to ebrary affiliated libraries. 0aPublic welfarezUnited StatesxEvaluation. 0aPublic welfare administrationzUnited StatesxEvaluation. 0aSocial surveyszUnited StatesxEvaluation. 7aElectronic books.2local1 aMoffitt, Robert.1 aVer Ploeg, Michele.2 aebrary, Inc.40uhttp://site.ebrary.com/lib/rucke/Doc?id=10068415zAn electronic book accessible through the World Wide Web; click to view